000
00248 a2200097 4500
001
55537
100
_a
245
_a
Modern physics; latest portfolio of theory and practice
260
_a
New Dlehi
_b
Duckworth
_c
2003
090
_c
34470
_d
34470
942
_a
NUST-CAE
_c
MONOGRAPH
_c
27192
999
_c
290610
_d
290610